00339nam a2200121Ia 4500008004100000040001600041041001200057082001900069100002000088245005800108260003600166300001500202230917s9999||||xx |||||||||||||| ||und|| e44127aMAIN aEnglish a491.22 B469P:S aPatnaik, Tandra 0aSabda: A study of Bhartrhari's philosophy of language aNew DelhibD K Printworldc1994 axv, 178 p.